[Event "Rated Blitz game"]
[Site "?"]
[Date "2021.07.15"]
[Round "?"]
[White "matthewlutu"]
[Black "FourNinetySix"]
[Result "0-1"]
[WhiteElo "2414"]
[BlackElo "2492"]
[PlyCount "44"]
[EventDate "2021.??.??"]
[EventType "blitz"]

1. e4 e5 2. Nf3 d5 3. Nxe5 Bd6 4. d4 dxe4 5. Nc4 Nf6 6. Nxd6+ Qxd6 7. Nc3 Nc6
8. Nb5 Qe7 9. d5 Ne5 10. d6 cxd6 11. Nxd6+ Kf8 12. Bg5 Bg4 13. Be2 Bxe2 14.
Qxe2 Qxd6 15. O-O Nfg4 16. f4 exf3 17. gxf3 Nf6 18. Rae1 h6 19. Bh4 Re8 20.
Bxf6 gxf6 21. f4 Rg8+ 22. Kh1 Qc6+ {Normal} 0-1

[Event "Rated Blitz tournament R2czZ46W"]
[Site "?"]
[Date "2021.07.15"]
[Round "?"]
[White "NOELDelaCruz"]
[Black "Armament_Haki"]
[Result "1/2-1/2"]
[WhiteElo "2432"]
[BlackElo "2552"]
[PlyCount "68"]
[EventDate "2021.??.??"]
[EventType "blitz"]

1. e4 e5 2. Nf3 d5 3. Nxe5 Qe7 4. d4 f6 5. Nd3 dxe4 6. Nf4 f5 7. h4 Nf6 8. c4
c6 9. Nc3 Qc7 10. Be2 Bd6 11. g3 O-O 12. Qb3 Kh8 13. Be3 b6 14. h5 Bxf4 15.
Bxf4 Qe7 16. O-O-O Be6 17. d5 cxd5 18. cxd5 Bf7 19. d6 Qd8 20. Bc4 Bxc4 21.
Qxc4 Nbd7 22. Kb1 Rc8 23. Qb5 Rc5 24. Qb3 b5 25. h6 g6 26. Nxb5 Qa5 27. Nc7 Rb8
28. Qf7 Rxb2+ 29. Kxb2 Qc3+ 30. Kb1 Qc2+ 31. Ka1 Qc3+ 32. Kb1 Qc2+ 33. Ka1 Qc3+
34. Kb1 Qc2+ {Normal} 1/2-1/2

[Event "Rated Blitz game"]
[Site "?"]
[Date "2021.07.15"]
[Round "?"]
[White "GoropadniPoni"]
[Black "KinzyabulatovRenat"]
[Result "0-1"]
[WhiteElo "2425"]
[BlackElo "2347"]
[PlyCount "118"]
[EventDate "2021.??.??"]
[EventType "blitz"]

1. e4 e5 2. Nf3 d5 3. exd5 e4 4. Nd4 Qxd5 5. Ne2 Qe5 6. Nbc3 Nc6 7. d4 exd3 8.
Qxd3 Bf5 9. Qe3 O-O-O 10. Qxe5 Nxe5 11. Be3 Bxc2 12. Bxa7 b6 13. Rc1 Nd3+ 14.
Kd2 Nxf2+ 15. Kxc2 Nxh1 16. Nf4 Kb7 17. Nb5 Nf2 18. Bc4 Nh6 19. Kb1 c6 20. Bxb6
Kxb6 21. Nc3 Bd6 22. Nh5 Be5 23. Na4+ Ka5 24. Bb3 Rd6 25. Rc5+ Ka6 26. Rxe5 Nd3
27. Re7 g6 28. Ng3 f5 29. Ne2 Ng4 30. h3 Nge5 31. a3 Rb8 32. Kc2 Rb7 33. Re8 c5
34. Ba2 c4 35. Nec3 Rbd7 36. Rxe5 Nxe5 37. Nc5+ Kb6 38. Nxd7+ Rxd7 39. a4 Kc5
40. a5 Ra7 41. Na4+ Kb4 42. Nc3 Rxa5 43. Bb1 Nd3 44. Ne2 Ra1 45. Nd4 Kc5 46.
Ne6+ Kd6 47. Nf8 Ne1+ 48. Kc1 Nxg2 49. Nxh7 Nf4 50. Ng5 Ke5 51. h4 Kf6 52. Kc2
Ng2 53. b3 cxb3+ 54. Kb2 Ra4 55. Kxb3 Rxh4 56. Nf3 Rh3 57. Be4 Ne1 58. Kc4 Nxf3
59. Bxf3 Rxf3 {Time forfeit} 0-1

[Event "Rated Blitz game"]
[Site "?"]
[Date "2021.07.15"]
[Round "?"]
[White "ZhMS"]
[Black "Type_Smart"]
[Result "1-0"]
[WhiteElo "2419"]
[BlackElo "2325"]
[PlyCount "75"]
[EventDate "2021.??.??"]
[EventType "blitz"]

1. e4 e5 2. Nf3 d5 3. Nxe5 Bd6 4. d4 dxe4 5. Bc4 Bxe5 6. dxe5 Qxd1+ 7. Kxd1 Nc6
8. Re1 Bg4+ 9. Kd2 O-O-O+ 10. Kc3 Nxe5 11. Rxe4 Nxc4 12. Rxg4 Nd6 13. Bg5 f6
14. Bf4 g6 15. Bxd6 Rxd6 16. Na3 Ne7 17. Re1 Nd5+ 18. Kb3 Rhd8 19. c3 a6 20.
Nc4 Rc6 21. Rd1 Nb6 22. Rxd8+ Kxd8 23. Nxb6 Rxb6+ 24. Kc2 Ke7 25. Rh4 h5 26.
Rd4 Re6 27. Kd2 Rd6 28. Ke3 f5 29. Rxd6 cxd6 30. Kf4 Kf6 31. h4 d5 32. Ke3 Ke5
33. f4+ Ke6 34. Kd4 Kd6 35. a4 b5 36. a5 Kc6 37. b3 Kd6 38. b4 {Normal} 1-0

[Event "Rated Blitz game"]
[Site "?"]
[Date "2021.07.15"]
[Round "?"]
[White "anonnnnnnn"]
[Black "FourNinetySix"]
[Result "0-1"]
[WhiteElo "2405"]
[BlackElo "2492"]
[PlyCount "48"]
[EventDate "2021.??.??"]
[EventType "blitz"]

1. e4 e5 2. Nf3 d5 3. exd5 Bd6 4. d4 e4 5. Ne5 Nf6 6. c4 c5 7. dxc6 Nxc6 8.
Nxc6 bxc6 9. Be2 Rb8 10. O-O O-O 11. b3 Qc7 12. h3 Bf5 13. Be3 Qd7 14. Nd2 Bxh3
15. gxh3 Qxh3 16. f4 Qxe3+ 17. Rf2 Qxd4 18. Kg2 e3 19. Rf3 exd2 20. Rd3 Qxf4
21. Qxd2 Qh2+ 22. Kf3 Rbd8 23. Qg5 h6 24. Qg2 Qf4# {Normal} 0-1

[Event "Rated Blitz game"]
[Site "?"]
[Date "2021.07.15"]
[Round "?"]
[White "tuprofedeajedrez"]
[Black "KinzyabulatovRenat"]
[Result "1-0"]
[WhiteElo "2494"]
[BlackElo "2365"]
[PlyCount "131"]
[EventDate "2021.??.??"]
[EventType "blitz"]

1. e4 e5 2. Nf3 d5 3. Nxe5 Bd6 4. d4 dxe4 5. Nc4 Be7 6. Nc3 Nf6 7. Be2 O-O 8.
a3 Be6 9. O-O Nc6 10. Be3 Qd7 11. Ne5 Nxe5 12. dxe5 Nd5 13. Nxe4 Nxe3 14. Qxd7
Bxd7 15. fxe3 Bc6 16. Bf3 Rfe8 17. Nd2 Bc5 18. Bxc6 Bxe3+ 19. Kh1 bxc6 20. Nc4
Bd4 21. Rae1 Rad8 22. c3 Bc5 23. Re2 Re6 24. Rfe1 g6 25. g3 h5 26. Kg2 Bf8 27.
Kf3 Bg7 28. b4 Bf8 29. a4 c5 30. b5 a6 31. h4 axb5 32. axb5 Rb8 33. Rb1 Bg7 34.
Re4 Kf8 35. Kf4 Ke7 36. Ne3 Bh6+ 37. Kf3 Bxe3 38. Kxe3 Reb6 39. Kf4 Rxb5 40.
Rxb5 Rxb5 41. Rc4 Ke6 42. Ke4 c6 43. Kf4 Ra5 44. Ke4 Kd7 45. Kf4 Kc7 46. Kg5
Kb6 47. Kf6 Ra7 48. Re4 Kb5 49. e6 fxe6 50. Kxg6 c4 51. Kxh5 Ra3 52. Kg6 Rxc3
53. g4 Rg3 54. h5 c3 55. Kg5 c2 56. Re1 Rd3 57. h6 Rd1 58. Re5+ c5 59. h7 c1=Q+
60. Kg6 Rh1 61. Rh5 Rxh5 62. Kxh5 Qh1+ 63. Kg6 e5 64. Kg7 e4 65. h8=Q e3 66.
Qh7 {Time forfeit} 1-0

[Event "Rated Blitz game"]
[Site "?"]
[Date "2021.07.15"]
[Round "?"]
[White "Semenychev_Alexander"]
[Black "Artem_0degov"]
[Result "1/2-1/2"]
[WhiteElo "2502"]
[BlackElo "2674"]
[PlyCount "146"]
[EventDate "2021.??.??"]
[EventType "blitz"]

1. e4 e5 2. Nf3 d5 3. exd5 e4 4. Ne5 Qxd5 5. d4 exd3 6. Nxd3 Nf6 7. Nc3 Qa5 8.
Be2 Bd6 9. Bd2 Qb6 10. O-O O-O 11. Bf3 c6 12. Be3 Qc7 13. h3 Bf5 14. Qe2 Re8
15. Rfe1 Nbd7 16. Rad1 Rad8 17. Nc1 Ne5 18. Rd2 Bb4 19. Rxd8 Rxd8 20. Bf4 Nxf3+
21. Qxf3 Qd7 22. Rd1 Qe8 23. Nd3 Bxc3 24. bxc3 Be4 25. Qg3 Nh5 26. Qg4 Bxd3 27.
Rxd3 Rxd3 28. cxd3 Nf6 29. Qf5 Qd7 30. Qxd7 Nxd7 31. Be3 a6 32. Kf1 f6 33. Ke2
Kf7 34. c4 b5 35. Kd2 Ke6 36. Kc3 a5 37. d4 Kf5 38. f3 g5 39. d5 b4+ 40. Kb3
cxd5 41. cxd5 Ke5 42. Ka4 Kxd5 43. Kxa5 Kc4 44. Bd2 b3 45. axb3+ Kxb3 46. Kb5
Kc2 47. Bb4 Kd3 48. Kc6 Ne5+ 49. Kd6 Ke2 50. Ke6 Nxf3 51. gxf3 Kxf3 52. Kxf6 g4
53. h4 g3 54. h5 g2 55. Bc5 Kg4 56. h6 Kh5 57. Kg7 Kg5 58. Kxh7 Kf6 59. Kg8 Kg6
60. h7 Kh6 61. h8=Q+ Kg5 62. Qg7+ Kf5 63. Qxg2 Ke5 64. Qf2 Ke6 65. Qe3+ Kf6 66.
Qd4+ Kf5 67. Qd6 Ke4 68. Qd4+ Kf5 69. Qd5+ Kf6 70. Kf8 Kg6 71. Qd6+ Kg5 72. Ke7
Kf5 73. Qe5+ Kxe5 {Normal} 1/2-1/2

[Event "Rated Blitz game"]
[Site "?"]
[Date "2021.07.15"]
[Round "?"]
[White "itrofimow"]
[Black "pasha1984"]
[Result "1-0"]
[WhiteElo "2449"]
[BlackElo "2393"]
[PlyCount "119"]
[EventDate "2021.??.??"]
[EventType "blitz"]

1. e4 e5 2. Nf3 d5 3. Nxe5 dxe4 4. d4 Bd6 5. Nc4 Nc6 6. Nxd6+ Qxd6 7. c3 Nge7
8. Bc4 Qg6 9. Rg1 O-O 10. Be3 Bg4 11. Qc2 Na5 12. Be2 Bxe2 13. Qxe2 f5 14. f4
Nd5 15. Nd2 Qb6 16. O-O-O Nc6 17. g4 Qa5 18. Qc4 Kh8 19. Rde1 fxg4 20. Rxg4 Nf6
21. Rg5 Qa6 22. Qxa6 bxa6 23. Reg1 Rf7 24. Nc4 g6 25. d5 Ne7 26. Ne5 Rg7 27.
Bd4 Nf5 28. Nxg6+ Rxg6 29. Rxg6 hxg6 30. Bxf6+ Kh7 31. Be5 Rd8 32. c4 c6 33.
dxc6 Ne7 34. c7 Rc8 35. Rd1 Kg8 36. Rd8+ Kf7 37. Kd2 Ke6 38. Rxc8 Nxc8 39. Ke3
Kf5 40. b4 Ne7 41. a4 g5 42. b5 gxf4+ 43. Bxf4 axb5 44. axb5 Ke6 45. Kxe4 Kd7
46. c5 Kc8 47. b6 Ng6 48. Be3 Nf8 49. h4 Ne6 50. Kd5 Nf8 51. h5 Nh7 52. h6 Nf6+
53. Ke6 Nh7 54. Kf7 Kd7 55. Kg6 axb6 56. cxb6 Kc8 57. Kxh7 Kb7 58. Kg8 Kc8 59.
h7 Kb7 60. h8=Q {Normal} 1-0

[Event "Rated Blitz game"]
[Site "?"]
[Date "2021.07.15"]
[Round "?"]
[White "oxudchess"]
[Black "Fantastic_power06"]
[Result "0-1"]
[WhiteElo "2622"]
[BlackElo "2705"]
[PlyCount "104"]
[EventDate "2021.??.??"]
[EventType "blitz"]

1. e4 e5 2. Nf3 d5 3. exd5 e4 4. Qe2 Nf6 5. d3 Qxd5 6. Nbd2 Nc6 7. Nxe4 Be6 8.
Nxf6+ gxf6 9. g3 Nd4 10. Nxd4 Qxh1 11. Nxe6 fxe6 12. Qxe6+ Be7 13. Bf4 Qc6 14.
Qg4 Qxc2 15. Bh3 Qxd3 16. a3 Rd8 17. Be3 Qg6 18. Qe6 Qf7 19. Qe4 Qh5 20. Bg4
Qxh2 21. Ke2 Rg8 22. Bf3 Qh3 23. g4 Qh2 24. Bf4 Qh4 25. Rh1 Rxg4 26. Rxh4 Rxh4
27. Qf5 c6 28. Bg4 h5 29. Bf3 Rd7 30. Bxh5+ Kd8 31. Bg4 Rxg4 32. Qxg4 Rd5 33.
Qg8+ Kd7 34. Qg4+ f5 35. Qg7 Ke6 36. Qg6+ Kd7 37. Bg5 Bxg5 38. Qxg5 Ke6 39. f4
b5 40. Qg6+ Kd7 41. b4 Kc7 42. Qf7+ Kb6 43. Qf8 Kb7 44. Qe7+ Kb6 45. Ke3 a5 46.
Qf8 Kb7 47. bxa5 c5 48. Qe7+ Kc6 49. Qe8+ Rd7 50. a6 c4 51. Qxd7+ Kc5 52. a7 b4
{Time forfeit} 0-1

[Event "Rated Blitz game"]
[Site "?"]
[Date "2021.07.15"]
[Round "?"]
[White "Boomshagga"]
[Black "Almalik25"]
[Result "0-1"]
[WhiteElo "2401"]
[BlackElo "2341"]
[PlyCount "66"]
[EventDate "2021.??.??"]
[EventType "blitz"]

1. e4 e5 2. Nf3 d5 3. exd5 e4 4. Ne5 Nf6 5. d4 Bd6 6. c4 O-O 7. Nc3 Re8 8. Be2
c5 9. dxc6 Nxc6 10. Nxc6 bxc6 11. O-O c5 12. Be3 Rb8 13. b3 cxd4 14. Qxd4 Qe7
15. Nd5 Nxd5 16. Qxd5 Bb7 17. Qh5 Qf6 18. Rad1 Re5 19. Qg4 h5 20. Qg3 Rd5 21.
Qh3 Bc8 22. g4 hxg4 23. Qg2 Rh5 24. Rxd6 Qxd6 25. Rd1 Qc7 26. c5 Be6 27. Rd6
Qb7 28. Qg3 Re8 29. Qf4 Qb4 30. Kg2 Qe1 31. Bb5 Rf8 32. Bc6 g3 33. fxg3 Bh3# {
Normal} 0-1

[Event "Rated Blitz game"]
[Site "?"]
[Date "2021.07.15"]
[Round "?"]
[White "DynamoTresen"]
[Black "artsportscience"]
[Result "1-0"]
[WhiteElo "2546"]
[BlackElo "2378"]
[PlyCount "95"]
[EventDate "2021.??.??"]
[EventType "blitz"]

1. e4 e5 2. Nf3 d5 3. d4 dxe4 4. Nxe5 Bd6 5. Bc4 Bxe5 6. dxe5 Qxd1+ 7. Kxd1 Nc6
8. Re1 Bf5 9. Nc3 O-O-O+ 10. Bd2 Nxe5 11. Bb3 Nf6 12. Kc1 Rhe8 13. Bg5 h6 14.
Bxf6 gxf6 15. h3 Bg6 16. a4 f5 17. a5 a6 18. Ra4 Nc6 19. Bd5 Rd6 20. Bxc6 Rxc6
21. Ne2 Rd6 22. Nf4 Red8 23. h4 h5 24. b3 Rd2 25. Re2 Rd1+ 26. Kb2 R8d2 27. Ra1
Rxe2 28. Nxe2 Rd2 29. Re1 f4 30. Kc3 e3 31. fxe3 Rxc2+ 32. Kd4 fxe3 33. Kxe3
Rb2 34. Nd4 Ra2 35. b4 Rb2 36. Kf4 Rxb4 37. Ke5 Rb2 38. g3 Rg2 39. Re3 b6 40.
Kd5 Kb7 41. axb6 cxb6 42. Re7+ Kc8 43. Kc6 Kd8 44. Re3 b5 45. Kb6 Rd2 46. Nc6+
Kd7 47. Ne5+ Ke8 48. Nxg6+ {Normal} 1-0

[Event "Rated Blitz tournament PxPzc4pZ"]
[Site "?"]
[Date "2021.07.15"]
[Round "?"]
[White "Zodtg"]
[Black "Nikame"]
[Result "0-1"]
[WhiteElo "2227"]
[BlackElo "2460"]
[PlyCount "44"]
[EventDate "2021.??.??"]
[EventType "blitz"]

1. e4 e5 2. Nf3 d5 3. exd5 e4 4. Nd4 Qxd5 5. c3 c5 6. Nb3 Nc6 7. d3 exd3 8.
Qxd3 Nf6 9. Be3 Bf5 10. Qxd5 Nxd5 11. N1d2 Nxe3 12. fxe3 g6 13. Nc4 O-O-O 14.
Be2 Bh6 15. Kf2 b5 16. Nca5 Nxa5 17. Nxa5 Rhe8 18. Bf3 Bxe3+ 19. Kg3 g5 20. Nc6
Bf4+ 21. Kf2 Rd2+ 22. Kf1 Bd3+ {Normal} 0-1

[Event "Rated Blitz tournament 21iJVi1h"]
[Site "?"]
[Date "2021.07.15"]
[Round "?"]
[White "mopolomolo"]
[Black "Razario90"]
[Result "1-0"]
[WhiteElo "2461"]
[BlackElo "2345"]
[PlyCount "87"]
[EventDate "2021.??.??"]
[EventType "blitz"]

1. e4 e5 2. Nf3 d5 3. Nxe5 Bd6 4. d4 dxe4 5. Nc4 Nf6 6. Nc3 O-O 7. Bg5 Re8 8.
Ne3 Nc6 9. Ncd5 Be7 10. Nxe7+ Qxe7 11. c3 Qd6 12. Be2 Bd7 13. O-O Rad8 14. Qb3
Bc8 15. Bh4 b6 16. Rfd1 Na5 17. Qc2 h6 18. c4 Nc6 19. c5 bxc5 20. dxc5 Qe5 21.
Bb5 Nd4 22. Rxd4 Qxd4 23. Bxe8 Rxe8 24. Rd1 Qe5 25. b4 Ng4 26. Bg3 Nxe3 27.
fxe3 Qe7 28. Rd4 Bf5 29. h3 h5 30. h4 Qf6 31. Qf2 c6 32. Kh2 g6 33. Rd6 Qc3 34.
a3 Qxa3 35. Qd2 Qb3 36. Rd8 Qe6 37. Qd6 Qxd6 38. Rxe8+ Qf8 39. Rxf8+ Kxf8 40.
Bb8 a6 41. Kg3 Ke8 42. Kf4 f6 43. g4 Kf7 44. gxf5 {Normal} 1-0

[Event "Rated Blitz game"]
[Site "?"]
[Date "2021.07.15"]
[Round "?"]
[White "HAGDRE"]
[Black "KinzyabulatovRenat"]
[Result "0-1"]
[WhiteElo "2462"]
[BlackElo "2355"]
[PlyCount "64"]
[EventDate "2021.??.??"]
[EventType "blitz"]

1. e4 e5 2. Nf3 d5 3. exd5 e4 4. Qe2 Nf6 5. Nc3 Be7 6. Nxe4 Nxd5 7. d4 O-O 8.
c3 Re8 9. Qc2 Bf8 10. Bd3 f5 11. O-O fxe4 12. Bxe4 Nf6 13. Bd3 Nc6 14. Bg5 h6
15. Bh4 Bg4 16. Nd2 Be2 17. Rfe1 Bxd3 18. Qxd3 Qd6 19. Nc4 Qf4 20. Bg3 Qg5 21.
Ne5 Nxe5 22. dxe5 Nh5 23. Qc4+ Kh8 24. f4 Qg4 25. Re3 b5 26. Qe4 Bc5 27. Bf2
Qxf4 28. Qxf4 Nxf4 29. Rf3 Bxf2+ 30. Kxf2 Ng6 31. Re1 Rxe5 32. Rxe5 Nxe5 {
Normal} 0-1

[Event "Rated Blitz game"]
[Site "?"]
[Date "2021.07.15"]
[Round "?"]
[White "MalvinasArgentinas"]
[Black "KinzyabulatovRenat"]
[Result "1-0"]
[WhiteElo "2409"]
[BlackElo "2359"]
[PlyCount "93"]
[EventDate "2021.??.??"]
[EventType "blitz"]

1. e4 e5 2. Nf3 d5 3. exd5 e4 4. Qe2 Nf6 5. d3 Qxd5 6. Nbd2 Nc6 7. dxe4 Qh5 8.
Qb5 Bc5 9. Nb3 Nxe4 10. Nxc5 Qxc5 11. Be3 Qxb5 12. Bxb5 Bd7 13. O-O-O O-O-O 14.
Rxd7 Rxd7 15. Nd4 Rd6 16. Bxc6 bxc6 17. Nf5 Rf6 18. g4 h5 19. f3 Nd6 20. Bd4
Rxf5 21. gxf5 Nxf5 22. Bf2 a6 23. Re1 Kd7 24. Re5 g6 25. Ra5 Ra8 26. a4 Ne7 27.
c4 Nf5 28. Kc2 Kc8 29. Re5 Kb7 30. Bc5 Rd8 31. b4 Kc8 32. Kc3 Kd7 33. b5 cxb5
34. cxb5 axb5 35. axb5 Re8 36. Rxe8 Kxe8 37. Kc4 Kd7 38. Kd5 Nh4 39. Ke4 Ke6
40. Ba7 g5 41. Bb8 f5+ 42. Ke3 Kd7 43. h3 Ng6 44. Kd4 g4 45. fxg4 fxg4 46. hxg4
hxg4 47. Ke4 {Time forfeit} 1-0

[Event "Rated Blitz game"]
[Site "?"]
[Date "2021.07.15"]
[Round "?"]
[White "alchemical1969"]
[Black "blastol"]
[Result "0-1"]
[WhiteElo "2408"]
[BlackElo "2418"]
[PlyCount "106"]
[EventDate "2021.??.??"]
[EventType "blitz"]

1. e4 e5 2. Nf3 d5 3. exd5 Bd6 4. Nc3 Nf6 5. d3 h6 6. g3 c6 7. dxc6 Nxc6 8. Bg2
Bg4 9. h3 Bh5 10. g4 Bg6 11. Be3 Bb4 12. Qd2 Nd5 13. a3 Ba5 14. O-O Rc8 15. b4
Ncxb4 16. axb4 Bxb4 17. Nxd5 Bxd2 18. Nxd2 O-O 19. Nc4 Re8 20. Rxa7 b5 21. Na3
Qd6 22. Nxb5 Qb8 23. Nbc7 Red8 24. Ne7+ Kh7 25. Nxc8 Rxc8 26. Na6 Qb2 27. Rc1
Rxc2 28. Rxc2 Qxc2 29. Nc5 Kg8 30. Be4 Qd1+ 31. Kg2 Bxe4+ 32. dxe4 h5 33. f3
Qe2+ 34. Bf2 hxg4 35. hxg4 Qd2 36. Re7 Qf4 37. Nd7 f6 38. Nc5 g6 39. Ne6 Qd2
40. Rg7+ Kh8 41. Rf7 f5 42. gxf5 gxf5 43. Rxf5 Qh6 44. Rxe5 Qg6+ 45. Bg3 Qh6
46. Nf4 Qd6 47. Rg5 Qd2+ 48. Kh3 Kh7 49. e5 Qd1 50. e6 Qxf3 51. e7 Qe4 52. Rh5+
Kg7 53. Nd5 Qh1+ {Time forfeit} 0-1

[Event "Rated Blitz game"]
[Site "?"]
[Date "2021.07.15"]
[Round "?"]
[White "YourDentist93"]
[Black "KinzyabulatovRenat"]
[Result "1-0"]
[WhiteElo "2480"]
[BlackElo "2364"]
[PlyCount "169"]
[EventDate "2021.??.??"]
[EventType "blitz"]

1. e4 e5 2. Nf3 d5 3. Nxe5 Bd6 4. d4 dxe4 5. Be2 Nf6 6. Bg5 O-O 7. Nd2 Bf5 8.
Ndc4 Be7 9. c3 Nbd7 10. O-O Nb6 11. Ne3 Bg6 12. f3 h6 13. Bxf6 Bxf6 14. Nxg6
fxg6 15. fxe4 Bg5 16. Rxf8+ Qxf8 17. Nc4 Nxc4 18. Bxc4+ Kh7 19. Qg4 Qe7 20. Rf1
Rf8 21. Rxf8 Qxf8 22. Qf3 Qe7 23. g3 c5 24. d5 Bf6 25. Kg2 Be5 26. b3 a6 27.
Be2 Qg5 28. Qd3 b5 29. d6 Qd8 30. d7 Bf6 31. Bg4 h5 32. Bh3 Kh6 33. Qd5 Bxc3
34. e5 g5 35. Bf5 g6 36. Qc6 Qg8 37. Qxg6+ Qxg6 38. Bxg6 Ba5 39. Be4 Bd8 40.
Bb7 a5 41. Ba6 b4 42. e6 Kg6 43. Kf3 Kf6 44. Bc4 Ke5 45. h3 Kd4 46. Ke2 a4 47.
Kd2 a3 48. Be2 h4 49. gxh4 gxh4 50. Bf1 Ke5 51. Bc4 Kd4 52. Be2 Ke5 53. Bg4 Kd4
54. Bh5 c4 55. Bd1 c3+ 56. Kc2 Ke5 57. Bg4 Kf4 58. Kd3 Ke5 59. Kc2 Kf4 60. Bh5
Ke5 61. Bf7 Be7 62. Kd3 Kf4 63. Bg8 Ke5 64. Bf7 Kf4 65. Bg6 Ke5 66. Kc4 Kxe6
67. d8=Q Bxd8 68. Kxb4 Bf6 69. Kxa3 Ke5 70. b4 Kf4 71. Kb3 Kg3 72. Bf5 Kf4 73.
Bg4 Ke5 74. a4 Kd6 75. a5 Kc7 76. b5 Kb7 77. Kc4 Ka7 78. Bf5 Kb8 79. Bc2 Ka7
80. Kb4 Kb8 81. b6 Kb7 82. Kb5 Be5 83. a6+ Kb8 84. Be4 Bf4 85. a7+ {Time
forfeit} 1-0

[Event "Rated Blitz tournament PGBNriNd"]
[Site "?"]
[Date "2021.07.15"]
[Round "?"]
[White "NGGYU_089"]
[Black "gmmds2694"]
[Result "1/2-1/2"]
[WhiteElo "2206"]
[BlackElo "2574"]
[PlyCount "98"]
[EventDate "2021.??.??"]
[EventType "blitz"]

1. e4 e5 2. Nf3 d5 3. d3 Nf6 4. exd5 Bd6 5. Nc3 h6 6. Ne4 O-O 7. c4 Nbd7 8. Be3
Nxe4 9. dxe4 a5 10. Bd3 Nc5 11. Bc2 Bg4 12. h3 Bh5 13. g4 Bg6 14. O-O Nxe4 15.
Bxe4 Bxe4 16. Nd2 Bd3 17. Re1 e4 18. b3 f5 19. gxf5 Rxf5 20. Qg4 Qf6 21. Nxe4
Bxe4 22. Qxe4 Rf8 23. Qe6+ Qxe6 24. dxe6 Re8 25. Bd4 Rg5+ 26. Kh1 Rg6 27. Rad1
Rgxe6 28. Rxe6 Rxe6 29. Be3 b6 30. Kg2 Kf7 31. Rd5 Rg6+ 32. Kf3 Ke6 33. Rh5 Rg1
34. c5 bxc5 35. Bxc5 g6 36. Bxd6 gxh5 37. Bxc7 Ra1 38. Bxa5 Rxa2 39. b4 Kf5 40.
Kg3 Ra3+ 41. Kh4 Rf3 42. Bb6 Rf4+ 43. Kxh5 Rxb4 44. Be3 Ra4 45. Kxh6 Rh4+ 46.
Kg7 Rxh3 47. Kf7 Ke4 48. Ke6 Rxe3 49. fxe3 Kxe3 {Normal} 1/2-1/2

[Event "Rated Blitz tournament R2czZ46W"]
[Site "?"]
[Date "2021.07.15"]
[Round "?"]
[White "AllanSalientes2"]
[Black "Armament_Haki"]
[Result "0-1"]
[WhiteElo "2279"]
[BlackElo "2563"]
[PlyCount "74"]
[EventDate "2021.??.??"]
[EventType "blitz"]

1. e4 e5 2. Nf3 d5 3. exd5 e4 4. Nd4 Qxd5 5. Nb3 Qe5 6. Nc3 Nc6 7. Be2 Bf5 8.
Bb5 O-O-O 9. Bxc6 bxc6 10. Qe2 Kb7 11. Qc4 Nf6 12. Na4 Qb5 13. Nac5+ Ka8 14.
Qxb5 cxb5 15. a4 b4 16. a5 Rd5 17. Na4 Bd6 18. c4 Re5 19. c5 Be7 20. O-O Rd8
21. Re1 Be6 22. d4 Rf5 23. Nd2 Rxd4 24. Nf1 Bb3 25. Be3 Rd3 26. c6 Rxa5 27.
Rec1 Bxa4 28. Nd2 Ra6 29. b3 Rxc6 30. bxa4 Rxc1+ 31. Rxc1 c5 32. Kf1 Nd5 33.
Bxc5 Bxc5 34. Rxc5 Rxd2 35. a5 Nc3 36. g4 Kb7 37. Re5 b3 {Normal} 0-1

[Event "Rated Blitz game"]
[Site "?"]
[Date "2021.07.15"]
[Round "?"]
[White "hajeko"]
[Black "KamranShirazi"]
[Result "1-0"]
[WhiteElo "2477"]
[BlackElo "2499"]
[PlyCount "57"]
[EventDate "2021.??.??"]
[EventType "blitz"]

1. e4 e5 2. Nf3 d5 3. exd5 e4 4. Ne5 Qxd5 5. d4 exd3 6. Nxd3 Bd6 7. Nc3 Qf5 8.
Be2 Nc6 9. O-O Nd4 10. Re1 Nxe2+ 11. Qxe2+ Be6 12. Ne4 Be7 13. Nf4 O-O-O 14.
Nxe6 Qxe6 15. Bf4 h6 16. Qb5 Qb6 17. Qf5+ Kb8 18. Qxf7 Rf8 19. Qxg7 Nf6 20.
Qxe7 Nd5 21. Bxc7+ Nxc7 22. Rad1 Re8 23. Qd6 Qxb2 24. Nc5 Rxe1+ 25. Rxe1 Qxc2
26. h3 Rc8 27. Re7 Qxa2 28. Rxc7 Rxc7 29. Qd8+ {Time forfeit} 1-0

[Event "Rated Blitz game"]
[Site "?"]
[Date "2021.07.15"]
[Round "?"]
[White "Xonkeldi33"]
[Black "Almalik25"]
[Result "1/2-1/2"]
[WhiteElo "2401"]
[BlackElo "2331"]
[PlyCount "141"]
[EventDate "2021.??.??"]
[EventType "blitz"]

1. e4 e5 2. Nf3 d5 3. exd5 e4 4. Ne5 Nf6 5. d4 Bd6 6. c4 O-O 7. Nc3 Re8 8. Be2
c5 9. Ng4 Nxg4 10. Bxg4 f5 11. Be2 Nd7 12. g3 a6 13. Be3 cxd4 14. Bxd4 b6 15.
O-O Qg5 16. f4 exf3 17. Bxf3 f4 18. Ne4 Rxe4 19. Bxe4 fxg3 20. Qf3 Nf6 21. Bxf6
gxf6 22. Qxf6 Qe3+ 23. Kh1 Qxe4+ 24. Rf3 Bg4 25. Raf1 Bxf3+ 26. Rxf3 Rf8 27.
Qe6+ Qxe6 28. Rxf8+ Kxf8 29. dxe6 gxh2 30. Kg2 Ke7 31. b3 Kxe6 32. Kh1 Ke5 33.
Kxh2 Kd4+ 34. Kg2 Kc3 35. Kf3 Kb2 36. Ke4 Kxa2 37. Kd5 Bf4 38. Kc6 Be3 39. b4
h5 40. Kd5 h4 41. Ke4 h3 42. Kf3 h2 43. Kg2 h1=Q+ 44. Kxh1 Kb3 45. Kg2 Kxb4 46.
Kf3 Kc5 47. Kxe3 Kxc4 48. Kd2 Kb5 49. Kc2 a5 50. Kb2 a4 51. Ka3 Ka5 52. Kb2 b5
53. Ka2 b4 54. Kb2 Kb5 55. Ka2 a3 56. Kb3 Ka5 57. Kc2 Ka4 58. Kd3 b3 59. Kd4
Kb4 60. Kd5 a2 61. Kd6 a1=Q 62. Kd7 b2 63. Ke6 b1=Q 64. Kd6 Qab2 65. Kc6 Q2c2+
66. Kb6 Qbd1 67. Ka6 Kc3 68. Kb5 Qdb1+ 69. Kc5 Qca2 70. Kd6 Kb2 71. Ke5 {
Time forfeit} 1/2-1/2

[Event "Rated Blitz game"]
[Site "?"]
[Date "2021.07.15"]
[Round "?"]
[White "Tim1991"]
[Black "KinzyabulatovRenat"]
[Result "1-0"]
[WhiteElo "2428"]
[BlackElo "2367"]
[PlyCount "65"]
[EventDate "2021.??.??"]
[EventType "blitz"]

1. e4 e5 2. Nf3 d5 3. exd5 e4 4. Qe2 Nf6 5. d3 Qxd5 6. Nbd2 Nc6 7. Nxe4 Be6 8.
Nxf6+ gxf6 9. Qe4 Qd7 10. Be2 O-O-O 11. Be3 Rg8 12. g3 Nb4 13. Bd1 Bd5 14. Qf4
Bd6 15. Qxf6 Rg6 16. Qc3 Qf5 17. Nd4 Qe5 18. Bf3 Bxf3 19. Nxf3 Qxc3+ 20. bxc3
Nxc2+ 21. Kd2 Nxa1 22. Rxa1 Be7 23. Nd4 Rgd6 24. Kc2 Bf6 25. Rd1 Bxd4 26. Bxd4
b6 27. f4 c5 28. Be5 Re6 29. d4 f6 30. f5 Rc6 31. d5 fxe5 32. dxc6 Rxd1 33.
Kxd1 {Normal} 1-0

[Event "Rated Blitz game"]
[Site "?"]
[Date "2021.07.15"]
[Round "?"]
[White "Mops74"]
[Black "alaeldin1212"]
[Result "1-0"]
[WhiteElo "2474"]
[BlackElo "2352"]
[PlyCount "67"]
[EventDate "2021.??.??"]
[EventType "blitz"]

1. e4 e5 2. Nf3 d5 3. Nxe5 Bd6 4. d4 dxe4 5. Bc4 Bxe5 6. Qh5 Qe7 7. Qxe5 Qxe5
8. dxe5 Nc6 9. Nc3 Nxe5 10. Bb3 Ne7 11. Nb5 O-O 12. Nxc7 Rb8 13. Bg5 N7g6 14.
O-O Bg4 15. Rfe1 Bf3 16. Nb5 Kh8 17. Be3 f5 18. Bxa7 Rbd8 19. Nd4 Nf4 20. Nxf3
exf3 21. Rxe5 fxg2 22. Bc5 Rf6 23. Rae1 h6 24. Re8+ Rxe8 25. Rxe8+ Kh7 26. Be3
Ne2+ 27. Kxg2 f4 28. Bd2 f3+ 29. Kh3 g5 30. Kg4 Kg6 31. Rg8+ Kh7 32. c3 Ng1 33.
Be3 Rb6 34. Bxb6 {Normal} 1-0

[Event "Rated Blitz tournament FRfALweL"]
[Site "?"]
[Date "2021.07.15"]
[Round "?"]
[White "IrinaN667"]
[Black "Razario90"]
[Result "1-0"]
[WhiteElo "2404"]
[BlackElo "2350"]
[PlyCount "99"]
[EventDate "2021.??.??"]
[EventType "blitz"]

1. e4 e5 2. Nf3 d5 3. d4 dxe4 4. Nxe5 Bd6 5. Bc4 Bxe5 6. Qh5 Qf6 7. dxe5 Qg6 8.
Qxg6 hxg6 9. Nc3 Nc6 10. Nb5 Rb8 11. Bf4 Nge7 12. Nxc7+ Kf8 13. O-O-O Bg4 14.
Rd2 Na5 15. Be2 Bxe2 16. Rxe2 Rc8 17. Nb5 Nd5 18. Bd2 Nc4 19. Rxe4 Nxd2 20.
Kxd2 Ke7 21. c4 Nb6 22. b3 Nd7 23. f4 Nc5 24. Re3 Rcd8+ 25. Kc2 Rh4 26. g3 Rh5
27. h4 Ne6 28. Rd1 Rhh8 29. Rxd8 Rxd8 30. Rd3 Rc8 31. a4 a6 32. Nd6 Rc7 33. Kb2
Nc5 34. Re3 Ne6 35. Kc3 Nc5 36. a5 Ne6 37. b4 f6 38. c5 f5 39. Rd3 Rd7 40. Nc4
Rc7 41. Nb6 Nxc5 42. bxc5 Rxc5+ 43. Kb4 Rc2 44. Rd7+ Ke6 45. Rxg7 Rb2+ 46. Kc3
Ra2 47. Rxg6+ Kf7 48. Rf6+ Kg7 49. Nc4 Ra1 50. Rxf5 {Normal} 1-0